00365 a2200145 4500003000400000005001700004008004100021020001800062040000900080082002000089100001500109245004800124260003700172300001000209OSt20221114114307.0221114b ||||| |||| 00| 0 eng d a9780070151314 coclc a621.4021bNAG/B1 aNag, P. K. aBasic and applied thermodynamics /cP K Nag aNew Delhi:bMc grawhill, c2019. a846 p